000 00696nam a2200181 i 4500
001 68430
003 ES-MaACL
005 20230906170301.0
007 t|
008 040628s1907 sp ||||1| spa d
100 1 _aGarcía de Quevedo y Concellón, Eloy.
_954494
245 1 0 _aInstituto General y Técnico de Burgos
_b: memoria a cerca de su estado en el curso académico de 1905 a 1906 /
_cEloy García de Quevedo y Concellón.
260 _aBurgos :
_b[s.n.],
_c1907 (
_fImp. Hijos de Santiago Rodríguez)
300 _a1 v.
610 2 4 _aInstituto General y Técnico de Burgos-
_vMemorias.
_9144974
710 2 _aInstituto General y Técnico de Burgos.
_95063
852 _aES-MaACL
_jT-1177-F-3
999 _c68430
_d68430